| 000 | 00624cam a22002054a 4500 | ||
|---|---|---|---|
| 020 | _a0803134584 (pbk.) | ||
| 082 | 0 | 0 |
_a691.6 _bVAL |
| 245 | 1 | 4 |
_aThe use of glass in buildings / _cValerie L. Block, editor. |
| 260 |
_aW. Conshohocken, PA : _bASTM International, _cc2002. |
||
| 300 |
_aviii, 174 p. : _bill. ; _c23 cm. |
||
| 490 | 1 | _aSTP ; | |
| 500 | _a"ASTM stock number: STP1434." | ||
| 526 |
_a0 _b0 _c0 _d691_600000000000000_VAL |
||
| 650 | 0 |
_aGlass construction _945377 |
|
| 650 | 0 |
_aGlazing _944893 |
|
| 650 | 0 |
_aMCE _9379 |
|
| 650 | 0 |
_aSafety glass _945378 |
|
| 700 | 1 |
_aBlock, Valerie L., _945379 |
|
| 942 |
_2ddc _cBK |
||
| 999 |
_c548924 _d548924 |
||